Poetry or Rock 'N Roll? Quiz Stats

Quiz Updated Nov 15, 2015

Challenge
Share
Tweet
Embed
Score 0/24 Timer 06:00
1 Play Today
Line Poem or Rock? % Correct
Help! I need somebody / Help! Not just anybody / Help! You know I need someone, help!???
91%
I'm rolling thunder, pouring rain / I'm coming on like a hurricane ???
88.4%
There's a lady who's sure all that glitters is gold???
86.6%
Come! vouchsafe to me what has yet been vouchsafed to none / Tell me the whole story???
85%
But all this crowded life has been to thee / No more than lyre, or lute, or subtle spell???
84.3%
Tyger! Tyger! burning bright / In the forests of the night???
83.7%
Look at the stars / Look how they shine for you / And everything you do???
82.1%
She's got eyes of the bluest skies / As if they thought of rain???
81.8%
So long as men can breathe, or eyes can see / So long lives this, and this gives life to thee???
80.7%
Take a small example, take a tip from me / Take all of your money, give it all to charity???
79.6%
I've been around for a long, long year / Stole many a man's soul and faith???
79.3%
so world is a leaf is a tree is a bough / (and birds sing sweeter than books tell how)???
78.9%
Line Poem or Rock? % Correct
I am the maker of rules / Dealing with fools / I can cheat you blind???
76.6%
Memories will slowly fade / I lift my eyes and say / Come on, take me away ???
76.4%
Money, so they say / Is the root of all evil today???
76%
Soon, soon the flesh / The grave cave ate will be / At home on me ???
76%
Ah, distinctly I remember it was in the bleak December / And each separate dying ember wrought its ghost upon the floor???
75.4%
There is another sky / Ever serene and fair / And there is another sunshine / Though it be darkness there???
73.1%
Such beauty that for a minute / Death and ambition, even love / Doesn't enter into this???
71.4%
In this bright future you can't forget your past???
70.5%
There is a place where the sidewalk ends / And before the street begins / And there the grass grows soft and white???
67.4%
I came up once and hollered! / I came up twice and cried!???
53.6%
We sat together at one summer's end / That beautiful mild woman, your close friend???
51%
In the Bible Cain slew Abel and East of Eden he was cast???
46.8%

You're not logged in!

Compare scores with friends on all Sporcle quizzes.
Sign Up with Email
OR
Log In

You Might Also Like...

Show Comments

Extras

Top Quizzes Today


Score Distribution

Your Account Isn't Verified!

In order to create a playlist on Sporcle, you need to verify the email address you used during registration. Go to your Sporcle Settings to finish the process.